00624 a2200193 4500003000500000005001700005020001500022040000900037082001700046100003400063245007200097260003600169300001100205538002900216610002600245942001400271999001900285952012600304Nust20230523125007.0 a0760702284 cNust a001.9603,ENC aHole, Christina (Ed.)9112541 aThe Encyclopedia of Superstitions /cChristina Hole, M.A. Radford,  aNew YorkbBarnes & Noblesc1961 a384 p. aAlmirah No.19 Shelf No.1 aSuperstitions9112542 cBKB 2ddc c174875d174875 00102ddc4070aMCSbMCScGENd2016-12-12o001.9603,ENCpMCS27385r2016-12-08w2016-12-12yBKzAlmirah No.79, Shelf No.1